The criminal personality / 1 A profile for change
| Authors: | ; |
|---|---|
| Format: | Print Book |
| Language: | English |
| Published: |
New York
Aronson
1976
|
| In: |
The criminal personality
Year: 1976 |
| Availability in Tübingen: | Present in Tübingen. IFK: A II 228 UB: KB 6 A 393-1 |
| Check availability: | HBZ Gateway |
| Subito Delivery Service: | Order now. |
MARC
| LEADER | 00000cam a22000002cc4500 | ||
|---|---|---|---|
| 001 | 1075216842 | ||
| 003 | DE-627 | ||
| 005 | 20220513142940.0 | ||
| 007 | tu | ||
| 008 | 850101s1976 xx ||||| 00| ||eng c | ||
| 020 | |a 0876682182 |9 0-87668-218-2 | ||
| 035 | |a (DE-627)1075216842 | ||
| 035 | |a (DE-576)005216842 | ||
| 035 | |a (DE-599)BSZ005216842 | ||
| 035 | |a (OCoLC)310445645 | ||
| 040 | |a DE-627 |b ger |c DE-627 |e rakwb | ||
| 041 | |a eng | ||
| 084 | |a PH 6405 |2 rvk |0 (DE-625)rvk/136436:406 | ||
| 100 | 1 | |a Yochelson, Samuel |4 aut | |
| 245 | 1 | 4 | |a The criminal personality |n 1 |p A profile for change |c Samuel Yochelson; Stanton E. Samenow |
| 264 | 1 | |a New York |b Aronson |c 1976 | |
| 300 | |a XI, 538 S. | ||
| 336 | |a Text |b txt |2 rdacontent | ||
| 337 | |a ohne Hilfsmittel zu benutzen |b n |2 rdamedia | ||
| 338 | |a Band |b nc |2 rdacarrier | ||
| 700 | 1 | |a Samenow, Stanton E. |d 1941- |0 (DE-588)106859263X |0 (DE-627)821038168 |0 (DE-576)162850700 |4 aut | |
| 773 | 1 | 8 | |a The criminal personality |w (DE-627)1075216834 |w (DE-576)005216834 |g 1 |q 1 |7 nnam |
| 936 | r | v | |a PH 6405 |b Strafverfahrensrecht, Strafvollzug, Gesetzgebungsmaterialien und -entwürfe zum Strafverfahrensrecht und Strafvollzug |k Rechtswissenschaft |k Strafrecht, Strafverfahrensrecht, Kriminologie |k Vergleichendes und ausländisches Straf- und Strafprozessrecht einschliesslich Strafvollzug |k Ausländisches Recht - Einzelne Länder |k Amerika |k Nordamerika |k USA |k Strafverfahrensrecht, Strafvollzug, Gesetzgebungsmaterialien und -entwürfe zum Strafverfahrensrecht und Strafvollzug |0 (DE-627)1271952823 |0 (DE-625)rvk/136436:406 |0 (DE-576)201952823 |
| 951 | |a MV | ||
| ELC | |b 1 | ||
| LOK | |0 000 xxxxxcx a22 zn 4500 | ||
| LOK | |0 001 2039632638 | ||
| LOK | |0 003 DE-627 | ||
| LOK | |0 004 1075216842 | ||
| LOK | |0 005 20020115000000 | ||
| LOK | |0 008 910529||||||||||||||||ger||||||| | ||
| LOK | |0 040 |a DE-21 |c DE-627 |d DE-21 | ||
| LOK | |0 852 |a DE-21 | ||
| LOK | |0 852 1 |c KB 6 A 393-1 |9 00 | ||
| LOK | |0 935 |a krim | ||
| LOK | |0 939 |a 29-05-91 |b l01 | ||
| LOK | |0 000 xxxxxcx a22 zn 4500 | ||
| LOK | |0 001 2039632646 | ||
| LOK | |0 003 DE-627 | ||
| LOK | |0 004 1075216842 | ||
| LOK | |0 005 20250310154701 | ||
| LOK | |0 008 920821||||||||||||||||ger||||||| | ||
| LOK | |0 040 |a DE-21-110 |c DE-627 |d DE-21-110 | ||
| LOK | |0 852 |a DE-21-110 | ||
| LOK | |0 852 1 |c A II 228 |m p |9 00 | ||
| LOK | |0 935 |a k110 | ||
| LOK | |0 936ln |a 1.6 | ||
| LOK | |0 938 |k p | ||
| LOK | |0 939 |a 21-08-92 |b l01 | ||
| ORI | |a SA-MARC-krimdoka001.raw | ||
| SIG | |a IFK: A II 228 | ||
| SIG | |a UB: KB 6 A 393-1 | ||
